| Поле | Название | Значение |
| |
Тип записи |
a |
| |
Библиографический уровень |
m |
| 001 |
Контрольный номер |
0f16be45dbce45a993685a211040a8e2 |
| 005 |
Дата корректировки |
20140611150225.5 |
| 010 |
Индекс ISBN |
__ |
| a |
ISBN |
5-94909-196-5 |
| 200 |
Заглавие и сведения об ответственности |
1_ |
| a |
Заглавие |
Должностные инструкции руководителей,специалистов,техн.исполнителей основного штатного состава |
| f |
Первые сведения об ответственности |
Ред.-сост.Н.Р.Усманова |
| 210 |
Выходные данные |
1_ |
| a |
Место издания |
М. |
| c |
Издательство |
Книга сервис |
| d |
Дата издания |
2003 |
| 215 |
Физическое описание |
__ |
| a |
Объем |
127 с. |
| 300 |
Общие примечания |
__ |
| a |
Общие примечания |
В содерж.:Требования к оформлению. Образцы инструкций. Обучающая инструкция секретаря |
| 610 |
Ключевые слова |
0_ |
| a |
Ключевые слова |
должностные инструкции |
| 610 |
Ключевые слова |
0_ |
| a |
Ключевые слова |
экономисты |
| 610 |
Ключевые слова |
0_ |
| a |
Ключевые слова |
товароведы |
| 610 |
Ключевые слова |
0_ |
| a |
Ключевые слова |
юристы |
| 686 |
Индексы других классификаций |
__ |
| a |
Классификационный индекс |
65.9(2)245.6 |
| 2 |
Код системы |
rubbk |
| 801 |
Источник записи |
_0 |
| a |
Страна |
RU |
| b |
Организация |
РУК |
| c |
Дата составления |
20031021 |
| g |
Правила каталогизации |
PSBO |
| 801 |
Источник записи |
_1 |
| a |
Страна |
RU |
| b |
Организация |
РУК |
| c |
Дата составления |
20031021 |
| g |
Правила каталогизации |
PSBO |
| 852 |
Данные о местонахождении |
__ |
| i |
Авторский знак |
Д64 |
| j |
Шифр хранения |
ББК 65.9(2)24 |
| 901 |
Тип документа |
__ |
| t |
Тип документа |
m |
| 938 |
Служебная информация |
__ |
| a |
Название организации |
Головной вуз |
| b |
Имя БД |
BOOK |
| c |
Название АИБС |
АИБС ИРБИС |